[Event "Moscow Open 2009 A"]
[Site ""]
[Date "2009.02.03"]
[Round "4.48"]
[White "Siritsa, Dmitry"]
[Black "Sjugirov, Sanan"]
[Result "0-1"]
[WhiteElo "2327"]
[BlackElo "2562"]
[Annotator ""]
[Source ""]
[Remark ""]

1.d4 Nf6 2.c4 g6 3.Nc3 Bg7 4.e4 O-O 5.Nf3 d6 6.Be2 e5 7.O-O Nc6
8.d5 Ne7 9.b4 Nh5 10.Re1 f5 11.Ng5 Nf6 12.f3 Nh5 13.g3 Bf6 14.Kg2
a5 15.bxa5 c5 16.Nb5 Rxa5 17.a4 Ra6 18.Ra3 f4 19.Nh3 g5 20.Nf2
Ng6 21.Nd3 Be7 22.Nc3 Nf6 23.g4 h5 24.h3 Rf7 25.Nf2 Nh4+ 26.Kf1
Rh7 27.Bd3 Qf8 28.Ke2 Nxf3 29.Kxf3 hxg4+ 30.hxg4 Nxg4 31.Rh1
Nh2+ 32.Ke2 g4 33.Qg1 g3 34.Kd1 Qg7 35.Bxf4 exf4 36.e5 Rh6 37.exd6
Bxd6 38.Nfe4 g2 39.Nf6+ Kf7 40.Nce4 gxh1Q 41.Qxh1 Ng4 42.Nh5
Ne3+ 43.Kc1 Qg2 44.Qh4 Qg1+ 0-1

[Event "Moscow Open 2009 A"]
[Site ""]
[Date "2009.02.03"]
[Round "4.49"]
[White "Rakhmanov, Aleksandr"]
[Black "Balashov, Yuri S"]
[Result "1-0"]
[WhiteElo "2541"]
[BlackElo "2378"]
[Annotator ""]
[Source ""]
[Remark ""]

1.d4 d6 2.Nf3 g6 3.Bf4 Bg7 4.e3 Nd7 5.h3 e5 6.Bh2 Qe7 7.Be2 f5
8.O-O Nh6 9.c4 Nf7 10.Nc3 c6 11.b4 a6 12.Qb3 O-O 13.Rad1 Kh8
14.Qa3 e4 15.Nd2 Nf6 16.b5 g5 17.bxc6 bxc6 18.Na4 Ra7 19.Nb6
Bh6 20.Nxc8 Rxc8 21.Qa5 Qd7 22.Qc3 Rg8 23.Nb3 Bg7 24.Qc2 g4 25.hxg4
fxg4 26.Bf4 Bh6 27.d5 c5 28.Qc3 Rg6 29.g3 Bxf4 30.exf4 Nh6 31.Na5
Qg7 32.Rb1 Nf5 33.Rb8+ Ng8 34.Qxg7+ Kxg7 35.Nc6 Rc7 36.Rfb1 h5
37.Bd1 h4 38.Bc2 Nf6 39.Nd8 Kh6 40.Ne6 Rh7 41.Nf8 Re7 42.Nxg6
Kxg6 43.gxh4 Nd4 44.Bd1 e3 45.fxe3 Rxe3 46.R8b2 Kh5 47.Rg2 Kxh4
48.Kf2 Rh3 49.Rb8 1-0

[Event "Moscow Open 2009 A"]
[Site ""]
[Date "2009.02.03"]
[Round "4.50"]
[White "Demidov, Mikhail"]
[Black "Bryzgalin, Kirill"]
[Result "1-0"]
[WhiteElo "2288"]
[BlackElo "2537"]
[Annotator ""]
[Source ""]
[Remark ""]

1.d4 d5 2.Nf3 Nf6 3.c4 c6 4.e3 Bf5 5.Bd3 Bg6 6.Ne5 Bxd3 7.Qxd3
e6 8.b3 Bd6 9.Bb2 O-O 10.O-O Nbd7 11.Nd2 Qc7 12.f4 Rad8 13.c5
Be7 1-0

[Event "Moscow Open 2009 A"]
[Site ""]
[Date "2009.02.03"]
[Round "4.51"]
[White "Novikov, Stanislav"]
[Black "Matvienko, Ivan"]
[Result "1-0"]
[WhiteElo "2523"]
[BlackElo "2275"]
[Annotator ""]
[Source ""]
[Remark ""]

1.c4 Nf6 2.Nc3 e6 3.e4 d5 4.e5 d4 5.exf6 dxc3 6.bxc3 Qxf6 7.Nf3
c5 8.d4 Nc6 9.Bg5 Qg6 10.Bd3 f5 11.d5 Nd8 12.Bc2 Bd6 13.Ba4+
Bd7 14.O-O e5 15.Bf4 e4 16.Nh4 Qf6 17.Bxd6 Qxd6 18.Nxf5 Qg6 19.Bxd7+
Kxd7 1-0

[Event "Moscow Open 2009 A"]
[Site ""]
[Date "2009.02.03"]
[Round "4.52"]
[White "Kashlinskaya, Alina"]
[Black "Zhumabayev, Rinat"]
[Result "1/2-1/2"]
[WhiteElo "2302"]
[BlackElo "2522"]
[Annotator ""]
[Source ""]
[Remark ""]

1.d4 Nf6 2.c4 e6 3.Nc3 Bb4 4.e3 b6 5.Nge2 Ba6 6.a3 Bxc3+ 7.Nxc3
d5 8.b3 O-O 9.Be2 c5 10.O-O cxd4 11.exd4 Nc6 12.Be3 Rc8 13.Rc1
h6 14.a4 Qe7 15.Nb5 Rfd8 16.c5 bxc5 17.Rxc5 Ne4 18.Rc1 Nb4 19.f3
Bxb5 20.Bxb5 Nc3 21.Qd2 Nca2 22.Rc5 Rxc5 23.dxc5 a6 24.Bxa6 d4
25.Bf2 Nxa6 26.Qxa2 Qxc5 27.Rd1 e5 28.Qe2 Nb4 29.Qc4 Qxc4 30.bxc4
Ra8 31.f4 f6 32.fxe5 fxe5 33.Bg3 Ra5 34.Kf2 Nc2 35.Kf3 Rc5 36.a5
Rxa5 37.Ke4 Ne3 38.Rc1 Rc5 39.Bxe5 Nxc4 40.Kxd4 Rxe5 41.Rxc4 1/2-1/2

[Event "Moscow Open 2009 A"]
[Site ""]
[Date "2009.02.03"]
[Round "4.53"]
[White "Kozlov, Gennady"]
[Black "Rychagov, Andrey"]
[Result "0-1"]
[WhiteElo "2257"]
[BlackElo "2514"]
[Annotator ""]
[Source ""]
[Remark ""]

1.d4 f5 2.Nf3 Nf6 3.g3 g6 4.Bg2 Bg7 5.O-O O-O 6.c4 d6 7.Nc3 Qe8
8.d5 a5 9.Nd4 Na6 10.e4 fxe4 11.Nxe4 Nxe4 12.Bxe4 Bh3 13.Re1
Nc5 14.Bh1 h6 15.Be3 g5 16.Nb5 Qg6 17.Nxc7 Rac8 18.Bxc5 Rxc7
19.Bd4 Rxc4 20.Bxg7 Qxg7 21.Qe2 Rcf4 22.f3 g4 23.Qe6+ Kh8 24.Qxe7
R4f7 25.Qe3 gxf3 26.Qf2 Kg8 27.b3 Rc8 28.Rad1 Rc3 29.Re4 Qf6
30.Rf4 Qxf4 31.gxf4 Rg7+ 32.Qg3 Rxg3+ 33.hxg3 Bg4 0-1

[Event "Moscow Open 2009 A"]
[Site ""]
[Date "2009.02.03"]
[Round "4.54"]
[White "Tunik, Gennady"]
[Black "Nukin, Ashat"]
[Result "1-0"]
[WhiteElo "2506"]
[BlackElo "2270"]
[Annotator ""]
[Source ""]
[Remark ""]

1.d4 Nf6 2.c4 g6 3.Nc3 Bg7 4.e4 d6 5.Nf3 O-O 6.Be2 e5 7.Be3 Ng4
8.Bg5 f6 9.Bh4 g5 10.Bg3 Nh6 11.dxe5 dxe5 12.h3 Be6 13.Qxd8 Rxd8
14.Nd5 Na6 15.O-O-O c6 16.Nc3 Bf8 17.Nd2 Nc5 18.Kc2 Bf7 19.h4
g4 20.f4 gxf3 21.gxf3 Ne6 22.Nb3 Kh8 23.Bf2 Nf4 24.Bf1 Rxd1 25.Kxd1
Bh5 26.Nd2 Ng8 27.Bh3 Ne7 28.Bg4 Bf7 29.h5 b5 1-0

[Event "Moscow Open 2009 A"]
[Site ""]
[Date "2009.02.03"]
[Round "4.55"]
[White "Zhadanov, Vasili B"]
[Black "Nyzhnyk, Illya"]
[Result "1/2-1/2"]
[WhiteElo "2233"]
[BlackElo "2503"]
[Annotator ""]
[Source ""]
[Remark ""]

1.e4 c5 2.Nf3 Nc6 3.Nc3 e5 4.Bc4 Be7 5.d3 d6 6.h3 Nf6 7.Bg5 O-O
8.Bxf6 Bxf6 9.O-O g6 10.Qd2 Bg7 11.Nd5 h6 12.c3 Kh7 13.Rab1 f5
14.exf5 Bxf5 15.Qe2 Na5 16.Ne3 Nxc4 17.Nxf5 gxf5 18.dxc4 e4 19.Nd2
Re8 20.Rfd1 Qg5 21.Nf1 Re6 22.Ng3 Be5 23.Nh5 Rg8 24.f4 exf3 25.Qxf3
Reg6 26.g3 Bxg3 27.Nxg3 Qh4 28.Kh2 Qxg3+ 29.Qxg3 Rxg3 30.Rxd6
Rg2+ 31.Kh1 R8g7 32.Rf6 Rf2 1/2-1/2

[Event "Moscow Open 2009 A"]
[Site ""]
[Date "2009.02.03"]
[Round "4.56"]
[White "Kabanov, Nikolai"]
[Black "Denisov, Ivan"]
[Result "1-0"]
[WhiteElo "2502"]
[BlackElo "2193"]
[Annotator ""]
[Source ""]
[Remark ""]

1.e4 c5 2.Nf3 d6 3.Bb5+ Bd7 4.Bxd7+ Qxd7 5.c4 e5 6.Nc3 Nc6 7.d3
g6 8.a3 f5 9.exf5 gxf5 10.Nd5 O-O-O 11.O-O Bg7 12.Rb1 Nf6 13.Bg5
Rdf8 14.Bxf6 Bxf6 15.b4 Rhg8 16.bxc5 f4 17.Kh1 dxc5 18.Qe2 Qg4
19.Rg1 Rg6 20.Qe4 Rh6 21.Rb5 Bd8 22.Rxc5 Bc7 23.Nxc7 Rf5 24.Rb1 1-0

[Event "Moscow Open 2009 A"]
[Site ""]
[Date "2009.02.03"]
[Round "4.57"]
[White "Venevtsev, Andrey"]
[Black "Naumkin, Igor"]
[Result "1/2-1/2"]
[WhiteElo "2230"]
[BlackElo "2501"]
[Annotator ""]
[Source ""]
[Remark ""]

1.e4 e5 2.Nf3 Nc6 3.d4 exd4 4.Bc4 Nf6 5.O-O Nxe4 6.Re1 d5 7.Bxd5
Qxd5 8.Nc3 Qa5 9.Nxe4 Be6 10.Neg5 O-O-O 11.Nxe6 fxe6 12.Rxe6
Bd6 13.Bg5 Rde8 14.Qe2 Kd7 15.Rxe8 Rxe8 16.Qd3 h6 17.Bd2 Qh5
18.h3 Ne5 19.Qb5+ Kc8 20.Nxe5 Rxe5 21.Qd3 1/2-1/2

[Event "Moscow Open 2009 A"]
[Site ""]
[Date "2009.02.03"]
[Round "4.58"]
[White "Gurkin, A"]
[Black "Fedorov, Alexei"]
[Result "0-1"]
[WhiteElo "2176"]
[BlackElo "2619"]
[Annotator ""]
[Source ""]
[Remark ""]

1.e4 c5 2.b4 b6 3.bxc5 bxc5 4.Nf3 Nc6 5.Bc4 e6 6.O-O d6 7.c3
Nf6 8.d4 Be7 9.Qe2 O-O 10.e5 Nd5 11.Qe4 cxd4 12.cxd4 Ncb4 13.Bd2
Ba6 14.Bxa6 Nxa6 15.Nc3 Ndb4 16.Nd5 Nxd5 17.Rab1 Qd7 18.Ng5 Bxg5
19.Bxg5 Rfb8 0-1

[Event "Moscow Open 2009 A"]
[Site ""]
[Date "2009.02.03"]
[Round "4.59"]
[White "Shukh, Nikolai"]
[Black "Khairullin, Ildar"]
[Result "0-1"]
[WhiteElo "2364"]
[BlackElo "2574"]
[Annotator ""]
[Source ""]
[Remark ""]

1.e4 e5 2.Nf3 Nc6 3.Bb5 a6 4.Ba4 Nf6 5.O-O Be7 6.Re1 b5 7.Bb3
d6 8.c3 O-O 9.h3 Nb8 10.d4 Nbd7 11.Nbd2 Bb7 12.Bc2 Re8 13.Nf1
Bf8 14.Ng3 g6 15.b3 Bg7 16.d5 Rc8 17.Bg5 c6 18.c4 Qc7 19.Bd3
Nc5 20.Bf1 h6 21.Bd2 Kh7 22.Rc1 bxc4 23.bxc4 a5 24.Bg5 Kg8 25.Qd2
Ba6 26.Rc3 Nh7 27.Bxh6 Bxh6 28.Qxh6 Kh8 0-1

[Event "Moscow Open 2009 A"]
[Site ""]
[Date "2009.02.03"]
[Round "4.60"]
[White "Hambardzumian, Yuri"]
[Black "Zubarev, Alexander"]
[Result "1/2-1/2"]
[WhiteElo "2361"]
[BlackElo "2566"]
[Annotator ""]
[Source ""]
[Remark ""]

1.e4 g6 2.d4 Bg7 3.Nf3 d6 4.Nc3 a6 5.a4 Bg4 6.Be2 Nc6 7.Be3 e5
8.dxe5 dxe5 9.Qxd8+ Rxd8 10.Nd5 Rd7 11.O-O-O Nf6 12.h3 Be6 13.Nxf6+
Bxf6 14.Ng5 Nd4 15.Bd3 Ke7 16.Nxe6 Nxe6 17.Bc4 Rxd1+ 18.Rxd1
Bg5 19.Bxg5+ Nxg5 20.f3 h5 21.h4 Nh7 22.Rd3 Ra8 23.Rb3 Ra7 24.a5 1/2-1/2

[Event "Moscow Open 2009 A"]
[Site ""]
[Date "2009.02.03"]
[Round "4.61"]
[White "Chernyshov, Konstantin"]
[Black "Filipenko, Alexander V"]
[Result "1/2-1/2"]
[WhiteElo "2544"]
[BlackElo "2360"]
[Annotator ""]
[Source ""]
[Remark ""]

1.c4 c6 2.d4 d5 3.Qb3 Nf6 4.Nf3 e6 5.Bf4 Be7 6.e3 O-O 7.Nc3 Nbd7
8.Be2 Nh5 9.Bg3 g6 10.Rd1 Nxg3 11.hxg3 Qc7 12.e4 dxe4 13.Nxe4
b5 1/2-1/2

[Event "Moscow Open 2009 A"]
[Site ""]
[Date "2009.02.03"]
[Round "4.62"]
[White "Kharitonov, Alexandr"]
[Black "Zhidkov, Valery S"]
[Result "1/2-1/2"]
[WhiteElo "2537"]
[BlackElo "2341"]
[Annotator ""]
[Source ""]
[Remark ""]

1.d4 Nf6 2.c4 e6 3.Nc3 Bb4 4.Qc2 Nc6 5.Nf3 d6 6.Bd2 O-O 7.a3
Bxc3 8.Bxc3 Qe7 9.b4 e5 10.dxe5 Nxe5 11.Nxe5 dxe5 12.e3 b6 13.Be2
Bb7 14.O-O Ne4 15.Bb2 Ng5 16.f3 a5 17.c5 axb4 18.axb4 bxc5 19.bxc5
Bc6 20.h4 Ne6 21.Bxe5 Qxh4 22.Qf5 Rxa1 23.Rxa1 Rd8 24.Rb1 Qe7
25.Bd3 Qxc5 26.Bf4 Qxf5 27.Bxf5 1/2-1/2

[Event "Moscow Open 2009 A"]
[Site ""]
[Date "2009.02.03"]
[Round "4.63"]
[White "Egorov, Dmitry"]
[Black "Vasiukov, Evgeni"]
[Result "0-1"]
[WhiteElo "2346"]
[BlackElo "2515"]
[Annotator ""]
[Source ""]
[Remark ""]

1.e4 Nf6 2.e5 Nd5 3.c4 Nb6 4.c5 Nd5 5.Nc3 e6 6.d4 Nxc3 7.bxc3
b6 8.cxb6 axb6 9.Bd3 d5 10.exd6 cxd6 11.Ne2 Ba6 12.O-O Be7 13.Nf4
d5 14.Nh5 g6 15.Nf4 Qc7 16.Qa4+ Qc6 17.Qb3 O-O 18.Bxa6 Rxa6 19.Nd3
Rc8 20.Bh6 Ra3 21.Ne5 Qc7 22.Qb2 f6 23.Nf3 Rxc3 24.Qe2 Kf7 25.Rae1
Qd7 26.a4 Nc6 27.Qb5 Qd6 28.Rb1 Bd8 29.Rb2 Bc7 30.Be3 Ne7 31.Re2
Nf5 0-1

[Event "Moscow Open 2009 A"]
[Site ""]
[Date "2009.02.03"]
[Round "4.64"]
[White "Pridorozhni, Aleksei"]
[Black "Bukavshin, Ivan"]
[Result "1-0"]
[WhiteElo "2515"]
[BlackElo "2326"]
[Annotator ""]
[Source ""]
[Remark ""]

1.e4 c5 2.Nc3 Nc6 3.Bb5 Nd4 4.Nf3 e6 5.Ba4 a6 6.d3 b5 7.Bb3 Nxb3
8.axb3 Bb7 9.Bg5 Ne7 10.d4 cxd4 11.Qxd4 f6 12.Bh4 e5 13.Qe3 d5
14.O-O-O d4 15.Nxd4 exd4 16.Rxd4 Qc8 17.Rhd1 Ng6 18.e5 fxe5 19.Rd8+
Qxd8 20.Rxd8+ Rxd8 21.Bxd8 Kxd8 22.Qb6+ Kc8 23.Qe6+ Kb8 24.h4
Nxh4 25.Qxe5+ Ka8 26.Nd5 Ng6 27.Qe8+ Ka7 28.Qe3+ Kb8 29.Qg3+
Ka7 30.Qc7 Ka8 31.Qd8+ Ka7 32.Qb6+ Kb8 33.Nc7 b4 34.Nxa6+ Ka8
35.Nc7+ Kb8 36.g3 Be7 37.Na6+ Ka8 38.Nc5 Bxc5 39.Qxc5 h5 40.Qxb4
h4 41.gxh4 Nxh4 42.Qa5+ Kb8 43.b4 Nf3 44.b3 Rh2 45.Qc5 Rh8 46.b5
Rc8 47.Qd6+ Ka7 48.c4 1-0

[Event "Moscow Open 2009 A"]
[Site ""]
[Date "2009.02.03"]
[Round "4.65"]
[White "Kharlov, Andrei"]
[Black "Arslanov, Shamil"]
[Result "1-0"]
[WhiteElo "2511"]
[BlackElo "2316"]
[Annotator ""]
[Source ""]
[Remark ""]

1.Nf3 d5 2.d4 Nf6 3.c4 dxc4 4.e3 e6 5.Bxc4 c5 6.O-O a6 7.a4 Nc6
8.Qe2 cxd4 9.Rd1 Be7 10.exd4 O-O 11.Nc3 Nd5 12.Bb3 Re8 13.h4
Ncb4 14.h5 b6 15.Ne5 Bb7 16.Re1 Bg5 17.h6 g6 18.Qf3 f5 19.Nd3
Nxd3 20.Qxd3 Bxc1 21.Raxc1 Nf4 22.Qg3 g5 23.d5 Qf6 24.Rxe6 Nxe6
25.dxe6 Qxh6 26.Qc7 Rab8 27.Rd1 f4 28.Qe5 Qg7 29.e7+ Kh8 30.Qc7
Qxe7 31.Qd6 Qxd6 32.Rxd6 f3 33.Rd1 fxg2 1-0

[Event "Moscow Open 2009 A"]
[Site ""]
[Date "2009.02.03"]
[Round "4.66"]
[White "Gerasimov, Ivan"]
[Black "Gurevich, Dmitry"]
[Result "1/2-1/2"]
[WhiteElo "2342"]
[BlackElo "2507"]
[Annotator ""]
[Source ""]
[Remark ""]

1.e4 c5 2.Nf3 d6 3.d4 cxd4 4.Nxd4 Nf6 5.Nc3 Nc6 6.Bc4 e6 7.Be3
a6 8.Qe2 Qc7 9.Bb3 Na5 10.g4 Nxb3 11.axb3 Nd7 12.g5 Rb8 13.f4
b5 14.f5 Ne5 15.fxe6 fxe6 16.Qg2 Qf7 17.O-O-O Be7 18.Rdf1 Qh5
19.Rhg1 Rf8 20.Rxf8+ Kxf8 21.Nce2 Qe8 22.Nf4 Bd8 23.Nf3 g6 24.Nd3
Kg8 25.h4 Be7 26.Re1 1/2-1/2

[Event "Moscow Open 2009 A"]
[Site ""]
[Date "2009.02.03"]
[Round "4.68"]
[White "Zimmerman, Yuri"]
[Black "Mozharov, Mikhail"]
[Result "1/2-1/2"]
[WhiteElo "2341"]
[BlackElo "2475"]
[Annotator ""]
[Source ""]
[Remark ""]

1.d4 Nf6 2.c4 e6 3.Nf3 c5 4.d5 exd5 5.cxd5 d6 6.Nc3 g6 7.h3 Bg7
8.e4 O-O 9.Bd3 b5 10.a3 a6 11.O-O Re8 12.Re1 Nbd7 13.Bf4 Qb6
14.Bc2 Bb7 15.Qd2 c4 16.Be3 Nc5 17.Bd4 Nfd7 18.Bxg7 Kxg7 19.Qd4+
f6 20.Rad1 Ne5 21.Nd2 Ncd7 22.Qxb6 Nxb6 1/2-1/2

[Event "Moscow Open 2009 A"]
[Site ""]
[Date "2009.02.03"]
[Round "4.69"]
[White "Przybylski, Wojciech"]
[Black "Gabrielian, Artur"]
[Result "0-1"]
[WhiteElo "2337"]
[BlackElo "2472"]
[Annotator ""]
[Source ""]
[Remark ""]

1.e4 c5 2.Nf3 d6 3.d4 cxd4 4.Nxd4 Nf6 5.Nc3 a6 6.Be2 e6 7.O-O
Be7 8.f4 Qc7 9.Be3 O-O 10.g4 d5 11.exd5 Nxd5 12.Nxd5 exd5 13.Bf3
Nc6 14.Bxd5 Nxd4 15.Bxd4 Rd8 16.c4 Bxg4 0-1

[Event "Moscow Open 2009 A"]
[Site ""]
[Date "2009.02.03"]
[Round "4.70"]
[White "Potapov, Alexey"]
[Black "Kim, Alexey"]
[Result "0-1"]
[WhiteElo "2316"]
[BlackElo "2470"]
[Annotator ""]
[Source ""]
[Remark ""]

1.c4 Nf6 2.g3 g6 3.Bg2 Bg7 4.Nc3 d6 5.e3 e5 6.Nge2 Nbd7 7.d3
a5 8.e4 c6 9.O-O O-O 10.h4 Rb8 11.Be3 b5 12.cxb5 cxb5 13.d4 b4
14.Nd5 Nxd5 15.exd5 Ba6 16.Re1 Rc8 17.a3 bxa3 18.Rxa3 Re8 19.dxe5
Nxe5 20.Bd4 Nc4 21.Rb3 Qe7 22.Bf1 a4 23.Rf3 Bxd4 24.Qxd4 Qe5
25.Qa7 Qxd5 26.Qxa6 Qxf3 0-1

[Event "Moscow Open 2009 A"]
[Site ""]
[Date "2009.02.03"]
[Round "4.71"]
[White "Cherenkova, Kristina"]
[Black "Lushenkov, Mikhail"]
[Result "0-1"]
[WhiteElo "2270"]
[BlackElo "2462"]
[Annotator ""]
[Source ""]
[Remark ""]

1.e4 e5 2.Nf3 Nc6 3.Bb5 a6 4.Ba4 Nf6 5.O-O Be7 6.Re1 b5 7.Bb3
d6 8.c3 O-O 9.a4 Bg4 10.d3 Na5 11.Bc2 c5 12.Nbd2 Rb8 13.h3 Bd7
14.axb5 axb5 15.d4 cxd4 16.cxd4 Nc6 17.Nb3 Ra8 18.Rxa8 Qxa8 19.Bg5
Qa7 20.Qd2 exd4 21.Nbxd4 Ne5 22.Bb3 Nc4 23.Qe2 Qc5 24.Rc1 Rc8
25.Be3 Qb4 26.Bxc4 bxc4 27.Qc2 d5 28.Ne5 dxe4 29.Nxc4 Bf8 30.b3
Re8 31.Ra1 Nd5 32.Ra7 Bc8 33.Qe2 g6 34.Ra5 Nxe3 35.fxe3 Qc3 36.Qf2
Bb7 37.Ra7 Bd5 38.Qd2 Qxd2 39.Nxd2 Bc5 40.g3 Rb8 41.Kf2 Bb4 42.Nc4
Bc3 43.Nd6 Bxb3 44.Nxb3 Rxb3 45.Ra8+ Kg7 46.Ra7 Kh6 47.Rxf7 Rb2+
48.Kf1 Rb1+ 49.Kg2 Rb2+ 50.Kf1 Rb4 0-1

[Event "Moscow Open 2009 A"]
[Site ""]
[Date "2009.02.03"]
[Round "4.72"]
[White "Pugachov, Alexey"]
[Black "Haroutjunian, Dmitri"]
[Result "1/2-1/2"]
[WhiteElo "2450"]
[BlackElo "2288"]
[Annotator ""]
[Source ""]
[Remark ""]

1.e4 c5 2.Nc3 d6 3.f4 Nf6 4.Nf3 Nc6 5.Bb5 Bd7 6.O-O e6 7.d3 Be7
8.e5 dxe5 9.fxe5 Ng4 10.Bf4 h5 11.Qd2 Nh6 12.Bxh6 Rxh6 13.Qf4
Qc7 14.Ne4 f5 15.Neg5 Nb4 1/2-1/2

[Event "Moscow Open 2009 A"]
[Site ""]
[Date "2009.02.03"]
[Round "4.73"]
[White "Vorobjov, Denis S"]
[Black "Gochelashvili, David"]
[Result "0-1"]
[WhiteElo "2259"]
[BlackElo "2447"]
[Annotator ""]
[Source ""]
[Remark ""]

1.d4 Nf6 2.c4 g6 3.Nf3 Bg7 4.g3 O-O 5.Bg2 d6 6.O-O c6 7.b3 Qa5
8.Bb2 Qh5 9.Re1 Bh3 10.e4 Ng4 11.Nbd2 c5 12.Nf1 Nc6 13.Rb1 e5
14.Bxh3 Qxh3 15.dxc5 dxc5 16.Ng5 Qh5 17.h3 Qxg5 18.Qxg4 Qxg4
19.hxg4 f5 20.gxf5 gxf5 21.exf5 Rxf5 22.Ne3 Rf3 23.Ba3 b6 24.b4
cxb4 25.Bxb4 Rd8 26.Kg2 e4 27.Nd5 Bd4 28.Re2 Nxb4 29.Rxb4 Re8
30.Rb3 Rf5 31.Ra3 Rf7 32.Ra6 h5 33.Ra3 Bc5 34.Rb3 Kh7 35.Rb1
Re5 36.Rh1 b5 37.Nf4 bxc4 38.Rc2 Rg5 39.Rxh5+ Rxh5 40.Nxh5 e3
41.f4 Kg6 42.g4 Rd7 43.Rxc4 Re7 44.f5+ Kh6 45.Nf4 e2 46.Nd3 Bb6
47.Rc6+ Kg5 48.Rg6+ Kh4 49.Re6 Rd7 50.Nf2 Rd2 51.Rh6+ Kg5 52.Rg6+
Kh4 53.Rh6+ Kg5 54.Rg6+ Kf4 55.Nh3+ Ke3 56.Re6+ Kd3 57.Nf2+ Kc3
58.Rxb6 axb6 59.f6 Rd6 60.g5 Kd2 0-1

[Event "Moscow Open 2009 A"]
[Site ""]
[Date "2009.02.03"]
[Round "4.74"]
[White "Obodchuk, Andrei"]
[Black "Rakhimgaliyev, Erlan"]
[Result "1/2-1/2"]
[WhiteElo "2445"]
[BlackElo "2272"]
[Annotator ""]
[Source ""]
[Remark ""]

1.e4 c5 2.Nf3 d6 3.d4 cxd4 4.Nxd4 Nf6 5.Nc3 a6 6.Bc4 e6 7.Bb3
Be7 8.g4 h6 9.Rg1 Nc6 10.Be3 Qc7 11.h4 h5 12.gxh5 Nxh5 13.Bg5
Ne5 14.Qd2 b5 15.O-O-O Bd7 16.Bxe7 Kxe7 17.f4 Nc4 18.Bxc4 bxc4
19.Nf5+ Kf8 20.Nxd6 Bc6 21.e5 Rb8 22.Qd4 Bd5 23.f5 Qb6 24.Nxc4
Qxd4 25.Rxd4 Bxc4 26.Rxc4 exf5 27.Ne2 Re8 28.Rd1 Rh6 29.Rd5 Rhe6
30.Nd4 Rxe5 31.Rxe5 Rxe5 32.Rc8+ Ke7 33.Nc6+ Kd7 34.Nxe5+ Kxc8
35.Nxf7 Kd7 36.Kd2 Ke6 37.Ng5+ Kd5 38.Ke3 a5 39.b3 f4+ 40.Kf3
Kd4 41.c4 a4 42.Ne6+ Ke5 43.Nc7 axb3 44.axb3 Ng3 45.b4 Nf5 46.h5
Ng3 1/2-1/2

[Event "Moscow Open 2009 A"]
[Site ""]
[Date "2009.02.03"]
[Round "4.75"]
[White "Aldokhin, Ivan"]
[Black "Krivoborodov, Egor"]
[Result "1/2-1/2"]
[WhiteElo "2251"]
[BlackElo "2436"]
[Annotator ""]
[Source ""]
[Remark ""]

1.e4 c5 2.Nf3 Nc6 3.d4 cxd4 4.Nxd4 Nf6 5.Nc3 d6 6.Bg5 Qb6 7.Nb3
e6 8.Bxf6 gxf6 9.Qd2 a6 10.O-O-O Bd7 11.f4 O-O-O 12.Be2 h5 13.Rhf1
Be7 14.Rf3 Rdg8 15.Bf1 Kb8 16.Kb1 Qc7 17.Rh3 Na5 18.Qf2 Nxb3
19.axb3 Qa5 20.Be2 h4 21.Rxh4 Rxh4 22.Qxh4 Rxg2 23.Bf3 Rg8 24.Qh7
Qd8 25.Qxf7 Rf8 26.Qh5 Rh8 27.Qg4 Rxh2 28.f5 Qc8 29.Qf4 Rh8 30.Bg4
e5 31.Qf2 Bc6 32.Be2 b5 33.Nd5 Bxd5 34.Rxd5 Rh1+ 35.Bd1 Qc7 36.c3
Qa7 37.Qf3 Qg1 38.c4 Qf1 39.Qe3 Qg1 40.Qd3 Qf1 41.Qc2 Rh8 42.cxb5
Rc8 43.Qd2 axb5 44.Qa5 Rc5 45.Qb6+ Kc8 46.Ka2 Rxd5 47.Qc6+ Kd8
48.Qxd5 Qg1 49.Qa8+ 1/2-1/2

[Event "Moscow Open 2009 A"]
[Site ""]
[Date "2009.02.03"]
[Round "4.76"]
[White "Slugin, Sergey"]
[Black "Kolomensky, Vladimir"]
[Result "1/2-1/2"]
[WhiteElo "2436"]
[BlackElo "2253"]
[Annotator ""]
[Source ""]
[Remark ""]

1.Nf3 Nf6 2.c4 e6 3.g3 d5 4.d4 Be7 5.Bg2 O-O 6.Qc2 c6 7.Nbd2
Nbd7 8.O-O b6 9.e4 dxe4 10.Nxe4 Nxe4 11.Qxe4 Bb7 12.Rd1 Qc7 13.Bf4
Bd6 14.Bxd6 Qxd6 15.Ne5 Nf6 16.Qe2 Rfd8 17.a3 a5 18.Rac1 Qc7
19.b4 axb4 20.axb4 h6 21.b5 cxb5 22.cxb5 Qe7 23.Nc6 Bxc6 24.bxc6
Rac8 25.d5 Rc7 26.dxe6 Rxd1+ 27.Rxd1 fxe6 28.Qe5 Kf7 29.Bf3 Ra7
30.Rd6 Ra5 31.Qf4 Rf5 32.Qc1 Qxd6 33.c7 Rc5 34.c8Q Rxc1+ 35.Qxc1
Qc5 1/2-1/2

[Event "Moscow Open 2009 A"]
[Site ""]
[Date "2009.02.03"]
[Round "4.77"]
[White "Omariev, Maksim"]
[Black "Sergienko, Sergey"]
[Result "0-1"]
[WhiteElo "2248"]
[BlackElo "2434"]
[Annotator ""]
[Source ""]
[Remark ""]

1.e4 c6 2.d4 d5 3.Nc3 dxe4 4.Nxe4 Nf6 5.Nxf6+ exf6 6.c3 g6 7.Nf3
Bg7 8.Bc4 O-O 9.O-O Nd7 10.Bf4 Nb6 11.Bb3 a5 12.a4 Bf5 13.Re1
Qd7 14.c4 Rfd8 15.h3 Bf8 16.Re3 Re8 17.Qe2 Rxe3 18.Bxe3 Re8 19.Rd1
Nc8 20.Nh4 Bxh3 21.gxh3 Qxh3 22.Ng2 Bd6 23.f4 Bxf4 24.Nxf4 Rxe3
25.Nxh3 Rxe2 26.c5 Ne7 27.Nf2 Rxb2 28.Rd3 f5 29.Nd1 Rb1 30.Kf2
f4 31.Kf3 g5 32.Nf2 h6 33.Ne4 Nf5 34.Bc4 Kg7 35.d5 cxd5 36.Bxd5
Nh4+ 37.Kf2 g4 38.Rb3 g3+ 0-1

[Event "Moscow Open 2009 A"]
[Site ""]
[Date "2009.02.03"]
[Round "4.78"]
[White "Yarmolenko, Evgeny"]
[Black "Belous, Vladimir"]
[Result "1-0"]
[WhiteElo "2211"]
[BlackElo "2431"]
[Annotator ""]
[Source ""]
[Remark ""]

1.e4 c5 2.Nf3 Nc6 3.d4 cxd4 4.Nxd4 e5 5.Nb5 d6 6.N1c3 a6 7.Na3
b5 8.Nd5 Nge7 9.Bg5 Be6 10.c4 Nd4 11.cxb5 Bxd5 12.exd5 h6 13.Be3
Nxd5 14.Bxd4 Qa5+ 15.Qd2 Qxd2+ 16.Kxd2 exd4 17.bxa6 Nb4 18.Bb5+
Kd8 19.Nc2 Nxa6 20.Bxa6 Rxa6 21.a4 Be7 22.a5 Kd7 23.Kd3 Rb8 24.b4
d5 25.Rhb1 Rc6 26.Nxd4 Rc4 27.b5 Bf6 28.Nc6 Rc3+ 29.Kd2 Re8 30.Ra4
Rc4 31.Rxc4 dxc4 32.a6 c3+ 33.Kd3 Kc7 34.b6+ 1-0

[Event "Moscow Open 2009 A"]
[Site ""]
[Date "2009.02.03"]
[Round "4.79"]
[White "Konovalov, Nikolay"]
[Black "Morev, Ivan"]
[Result "1-0"]
[WhiteElo "2430"]
[BlackElo "2249"]
[Annotator ""]
[Source ""]
[Remark ""]

1.d4 Nf6 2.c4 g6 3.g3 Bg7 4.Bg2 d6 5.Nc3 O-O 6.Nf3 Nbd7 7.O-O
c6 8.h3 e5 9.e4 Re8 10.Qc2 Qc7 11.Be3 b5 12.Rfd1 Bb7 13.c5 dxc5
14.dxe5 Nxe5 15.Bxc5 Nfd7 16.Bd4 Nxf3+ 17.Bxf3 Bxd4 18.Rxd4 Ne5
19.Bg2 Qb6 20.Rad1 Rad8 21.Rxd8 Rxd8 22.Rxd8+ Qxd8 23.Qd1 Qxd1+
24.Nxd1 c5 25.f4 Nd3 26.e5 Bxg2 27.Kxg2 f5 28.exf6 Kf7 29.Kf3
Kxf6 30.Ke4 c4 31.Kd4 h5 32.Nc3 a6 33.b3 Nf2 34.bxc4 bxc4 35.Ne4+ 1-0

[Event "Moscow Open 2009 A"]
[Site ""]
[Date "2009.02.03"]
[Round "4.80"]
[White "Gladyszev, Oleg"]
[Black "Tilicheev, Viacheslav"]
[Result "1/2-1/2"]
[WhiteElo "2422"]
[BlackElo "2242"]
[Annotator ""]
[Source ""]
[Remark ""]

1.d4 d5 2.c4 c6 3.Nf3 Nf6 4.Nc3 dxc4 5.a4 Bf5 6.Ne5 Nbd7 7.Nxc4
Qc7 8.g3 e5 9.dxe5 Nxe5 10.Bf4 Rd8 11.Qc1 Bd6 12.Nxd6+ Qxd6 13.Bg2
Qe7 14.O-O a5 15.b3 O-O 16.Qe3 Rfe8 17.Ra2 Qb4 18.Bxe5 Ng4 19.Qg5
Nxe5 20.Qxf5 Qxc3 21.Qc2 Qxc2 22.Rxc2 Ng6 23.Rb1 Rd4 24.e3 Rb4
25.Kf1 f5 26.Rc4 Rd8 27.Rc5 Ne7 28.Ke2 b5 29.axb5 cxb5 30.Rcc1 1/2-1/2

[Event "Moscow Open 2009 A"]
[Site ""]
[Date "2009.02.03"]
[Round "4.81"]
[White "Galkin, Vladimir"]
[Black "Kuporosov, Viktor"]
[Result "0-1"]
[WhiteElo "2194"]
[BlackElo "2422"]
[Annotator ""]
[Source ""]
[Remark ""]

1.e4 c5 2.Nf3 e6 3.d4 cxd4 4.Nxd4 a6 5.c4 Nf6 6.Nc3 Qc7 7.Bd3
Bc5 8.Be3 d6 9.O-O Nbd7 10.Rc1 Ne5 11.Na4 Nfg4 12.Nxc5 dxc5 13.Bf4
Qd8 14.Be2 Qxd4 15.Qxd4 cxd4 16.h3 Ng6 0-1

[Event "Moscow Open 2009 A"]
[Site ""]
[Date "2009.02.03"]
[Round "4.82"]
[White "Vorotnikov, Vladislav V"]
[Black "Kotov, Alexander"]
[Result "1-0"]
[WhiteElo "2421"]
[BlackElo "2203"]
[Annotator ""]
[Source ""]
[Remark ""]

1.e4 c6 2.d4 d5 3.f3 dxe4 4.fxe4 e5 5.Nf3 exd4 6.Bc4 Be7 7.O-O
Be6 8.Bxe6 fxe6 9.Nxd4 Qb6 10.Be3 c5 11.Qh5+ g6 12.Qe5 Nf6 13.Nxe6
Nbd7 14.Nc7+ Kf7 15.Nxa8 Nxe5 16.Nxb6 axb6 17.Nc3 Ke6 18.Rad1
Neg4 19.Bf4 c4 20.g3 Bc5+ 21.Kg2 Nh5 22.Bc1 1-0

[Event "Moscow Open 2009 A"]
[Site ""]
[Date "2009.02.03"]
[Round "4.83"]
[White "Chernobay, Artem"]
[Black "Antipov, Mikhail Al"]
[Result "1-0"]
[WhiteElo "2414"]
[BlackElo "2194"]
[Annotator ""]
[Source ""]
[Remark ""]

1.Nf3 d5 2.d4 Nf6 3.c4 c6 4.e3 Bf5 5.Nc3 e6 6.Be2 Nbd7 7.c5 b6
8.b4 Ne4 9.Nxe4 Bxe4 10.Bd2 bxc5 11.bxc5 Be7 12.Qa4 Qc7 13.Ba5
Qb7 14.O-O O-O 15.Nd2 Bg6 16.Bc3 Nf6 17.Qa6 Rab8 18.Qxb7 Rxb7
19.Ba6 Rd7 20.Nf3 Rc7 21.Ba5 Rfc8 22.Bxc7 Rxc7 1-0